000
00261cam a22000857a 4500
008
180718b1959 xxu||||| |||| 00| 0 eng d
082
_a
Q31603x5442 B639p
245
_a
The Bombay Prevention of begining Act,1959
260
_a
Bombay
_b
The Government Central Press
_c
1959
999
_c
495155
_d
495155